• 首页
  • 本馆介绍
  • 公告通知
  • 最新文献
  • 馆藏检索
  • 电子资源
  • 读者导购
  • 参考咨询
  • 我的图书馆
  • 登录
  • 详细信息显示
  • 放入我的书架
  • 预约/预借图书
  • 作者相关作品
  • 分类相关作品
  • 丛书相关作品
  • 出版社相关作品

书目信息

  • 表格格式
  • 工作单格式
  • 卡片格式
题名:
葡萄牙语教学改革研究
    
 
作者: 韩莹 著
分册:  
出版信息: 北京   新华出版社  2019.12
页数: 136页
开本: 24cm
丛书名:
单 册:
中图分类: H773.9
科图分类:
主题词: 葡萄牙语--pu tao ya yu--教学研究--高等学校
电子资源:
ISBN: 978-7-5166-4980-0
000 01423nam0 2200289 450
001 CAL 0120192931158
005 20230217093111.0
010    @a978-7-5166-4980-0@dCNY42.00
100    @a20200103d2019 em y0chiy0120 ea
101 0  @achi@apor
102    @aCN@b110000
105    @aa a 000yy
106    @ar
200 1  @a葡萄牙语教学改革研究@Apu tao ya yu jiao xue gai ge yan jiu@e教材编写及课堂教学使用@d= Projeto de pesquisa@eanálise de livros didáticos de língua portuguesa@f韩莹著@zpor
210    @a北京@c新华出版社@d2019.12
215    @a136页@c图@d24cm
300    @a2019年度大连外国语大学学科建设专项经费资助项目
314    @a韩莹, 毕业于中国传媒大学和葡萄牙米尼奥大学, 先后获得学士和硕士学位, 主修葡萄牙语言与文化。
320    @a有书目
330    @a本书分析了五本入门级/初级葡语外语教材, 分别是: 《学习葡萄牙语》《葡语二十一世纪》《葡语无疆界》《葡萄牙语综合教程》以及《大学葡萄牙语》。此外, 作者在使用这些教材的中国传媒大学等五所大学进行了问卷调查。通过本书, 读者能够根据中国学生需求, 设计葡语外语教材和教学资料, 并对其使用情况进行评估。
510 1  @aProjeto de pesquisa@eanálise de livros didáticos de língua portuguesa@zpor
517 1  @a教材编写及课堂教学使用@Ajiao cai bian xie ji ke tang jiao xue shi yong
606 0  @a葡萄牙语@Apu tao ya yu@x教学研究@x高等学校
690    @aH773.9@v5
701  0 @a韩莹@Ahan ying@4著
801  0 @aCN@bBJXHZP@c20230228
905    @b1397348-51@dH773.9@e22@f4
    
    葡萄牙语教学改革研究:教材编写及课堂教学使用= Projeto de pesquisa:análise de livros didáticos de língua portuguesa/韩莹著.-北京:新华出版社,2019.12
    136页:图;24cm
    2019年度大连外国语大学学科建设专项经费资助项目
    
    ISBN 978-7-5166-4980-0:CNY42.00
    本书分析了五本入门级/初级葡语外语教材, 分别是: 《学习葡萄牙语》《葡语二十一世纪》《葡语无疆界》《葡萄牙语综合教程》以及《大学葡萄牙语》。此外, 作者在使用这些教材的中国传媒大学等五所大学进行了问卷调查。通过本书, 读者能够根据中国学生需求, 设计葡语外语教材和教学资料, 并对其使用情况进行评估。
●
相关链接 在E读中查询图书 在五车中查询图书 在当当中查询图书 在豆瓣中查询图书


正题名:葡萄牙语教学改革研究     索取号:H773.9/22         预约/预借

序号 登录号 条形码 馆藏地/架位号 状态 备注
1 1397348   213973486   第二样本阅览室/ [索取号:H773.9/22] 在馆    
2 1397349   213973495   第四借阅区/ [索取号:H773.9/22] 在馆    
3 1397350   213973501   第四借阅区/ [索取号:H773.9/22] 在馆    
4 1397351   213973510   第四借阅区/ [索取号:H773.9/22] 在馆    
唐山师范学院图书馆 欢迎您!
大连网信软件有限公司© 版权所有